书目信息 |
| 题名: |
线性代数
|
|
| 作者: | 杨刚 , 吴惠彬 编 | |
| 分册: | ||
| 出版信息: | 北京 北京理工大学出版社 2002.09 |
|
| 页数: | 386页 | |
| 开本: | 20cm | |
| 丛书名: | ||
| 单 册: | ||
| 中图分类: | O151.2 | |
| 科图分类: | ||
| 主题词: | 线性代数--xian xing dai shu--高等学校--教材 | |
| 电子资源: | ||
| ISBN: | 7-81045-980-5 | |
| 000 | 01082nam0 2200253 450 | |
| 001 | 012006912123 | |
| 005 | 20060330095517.07 | |
| 010 | @a7-81045-980-5@dCNY16.50 | |
| 100 | @a20060329d2002 km y0chiy0120 ea | |
| 101 | 0 | @achi |
| 102 | @aCN@b110000 | |
| 105 | @aa a 000yy | |
| 200 | 1 | @a线性代数@Axian xing dai shu@f杨刚, 吴惠彬编@Fyang gang,wu hui bin bian |
| 210 | @a北京@c北京理工大学出版社@d2002.09 | |
| 215 | @a386页@c图@d20cm | |
| 320 | @a有书目 (第386页)。 | |
| 330 | @a本书为高等院校基础课教材,内容包括:矩阵的基本概念与基本运算、Gauss消元法,可逆矩阵、特殊矩阵等内容。线性方程组是线性代数的重点研究内容,本书用许多生活当中的实例,对向量空间、行列式、特征值与特征向量、二次型与正定矩阵、Jordan标准型、线性空间与线性变换等内容作了详细的介绍及举例讲解,每章后附有练习题。便于学生随时检验自己的学习成果。 | |
| 333 | @a高等院校理工科非数学专业者。 | |
| 606 | 0 | @a线性代数@Axian xing dai shu@x高等学校@x教材 |
| 690 | @aO151.2@v4 | |
| 701 | 0 | @a杨刚@Ayang gang@4编 |
| 701 | 0 | @a吴惠彬@Awu hui bin@4编 |
| 801 | 0 | @aCN@bQSSK@c20060330 |
| 905 | @a10447@dO151.2@eY182 | |
| 线性代数/杨刚, 吴惠彬编.-北京:北京理工大学出版社,2002.09 |
| 386页:图;20cm |
| 使用对象:高等院校理工科非数学专业者。 |
| ISBN 7-81045-980-5:CNY16.50 |
| 本书为高等院校基础课教材,内容包括:矩阵的基本概念与基本运算、Gauss消元法,可逆矩阵、特殊矩阵等内容。线性方程组是线性代数的重点研究内容,本书用许多生活当中的实例,对向量空间、行列式、特征值与特征向量、二次型与正定矩阵、Jordan标准型、线性空间与线性变换等内容作了详细的介绍及举例讲解,每章后附有练习题。便于学生随时检验自己的学习成果。 |
| ● |
| 相关链接 |
|
|
|
正题名:线性代数
索取号:O151.2/Y182
 
预约/预借
| 序号 | 登录号 | 条形码 | 馆藏地/架位号 | 状态 | 备注 |
| 1 | 557045 | 205570452 | 自科库401/401自科库 71排1列2层/ [索取号:O151.2/Y182] | 在馆 | |
| 2 | 557046 | 205570461 | 自科库401/401自科库 71排1列2层/ [索取号:O151.2/Y182] | 在馆 | |
| 3 | 557047 | 205570470 | 自科库401/401自科库 71排1列2层/ [索取号:O151.2/Y182] | 在馆 |